<?xml version="1.0" encoding="UTF-8"?>
<collection xmlns="http://www.loc.gov/MARC21/slim">
 <record>
  <leader>00533pamaa2200181   4500</leader>
  <controlfield tag="001">0000016930</controlfield>
  <controlfield tag="005">20090609090000.0</controlfield>
  <datafield tag="020" ind1="0" ind2="0">
   <subfield code="a">0135977258 </subfield>
  </datafield>
  <datafield tag="090" ind1="0" ind2="0">
   <subfield code="a">QD45 </subfield>
   <subfield code="b">HEA 1997</subfield>
  </datafield>
  <datafield tag="100" ind1="1" ind2="0">
   <subfield code="a">HEASLEY </subfield>
  </datafield>
  <datafield tag="245" ind1="1" ind2="0">
   <subfield code="a">Chemistry and life in the laboratory : </subfield>
   <subfield code="b">experiments in general, organic, and biological chemistry.</subfield>
  </datafield>
  <datafield tag="250" ind1="0" ind2="0">
   <subfield code="a">4th ed.</subfield>
  </datafield>
  <datafield tag="260" ind1="0" ind2="0">
   <subfield code="a">New Jersey: </subfield>
   <subfield code="b">Prentice Hall, </subfield>
   <subfield code="c">1997.</subfield>
  </datafield>
  <datafield tag="300" ind1=" " ind2=" ">
   <subfield code="a">vii, 344p.: </subfield>
   <subfield code="b">28cm.</subfield>
  </datafield>
  <datafield tag="650" ind1="0" ind2="0">
   <subfield code="a">Chemistry -- </subfield>
   <subfield code="x">Laboratory manuals </subfield>
  </datafield>
  <datafield tag="700" ind1="1" ind2="1">
   <subfield code="a">CHRISTENSEN, </subfield>
   <subfield code="h">Val J. </subfield>
  </datafield>
  <datafield tag="700" ind1="1" ind2="1">
   <subfield code="a">Heasley, </subfield>
   <subfield code="h">Gene E. </subfield>
  </datafield>
 </record>
</collection>
